000 00929nam a2200325Ia 4500
003 OSt
005 20240517093746.0
008 210210b1922 xxu||||| |||| 00| 0 eng d
040 _cAL
041 _aeng
082 _a954/656
100 _aIndia, (Archaeological Survey of)
_9165408
245 _aAnnual report of the Archaeological Survey of India: Muhammadam and British monuments; Northern Circle 1921
260 _aAllahabad
_bSuperintendent Government Printing
_c1922
300 _a53
650 _aSurvey
_9165409
650 _areport
_9165410
650 _aNorthern
_9165411
650 _aMuhammadam
_9165412
650 _amonuments
_9165413
650 _aIndia:
_9165414
650 _aCircle
_9165415
650 _aBritish
_9165416
650 _aArchaeological
_9165417
650 _aAnnual
_9165418
650 _a1920
_9165419
690 _aIndian History
_9165420
906 _a002156
942 _2ddc
_cBK
999 _c120907
_d120907